000 00255nam a2200109Ia 4500
008 220204s9999 xx 000 0 und d
082 _a347.7
_bGUP
100 _aGUPTA, O P
245 0 _aMercantile law
260 _aDelhi
_bShree Mahavir
_c1979
942 _cBK
999 _c32467
_d32467